000 00349nam a22001577a 4500
003 CEME
005 20210628202948.0
008 210119b xxu||||| |||| 00| 0 eng d
040 _c.
082 _a928 MUM
100 _aMumtaz Mufti
_9370
245 _aAoukhy olary
260 _aLAHORE
_bFEROZE SONS
_c1995
300 _a258 P
942 _cBK
_2ddc
999 _c571648
_d571648